| 000 | 00357nam a2200145Ia 4500 | ||
|---|---|---|---|
| 008 | 150201s2007 xx 000 0 und d | ||
| 082 |
_a610 _bC07S |
||
| 100 | _aSWASH,MICHAEL | ||
| 245 | _aHUCHISON CLINICAL METHODS | ||
| 250 | _a22ND | ||
| 260 |
_bJAYPEE BROTHERS _aDELHI _c2007 |
||
| 300 | _a1-547 | ||
| 650 | _aMEDICINE AND DIAGNOSIS | ||
| 942 |
_2ddc _cBK _077 |
||
| 999 |
_c472 _d472 |
||